00916nam a2200217 a 450000100100000000500170001000800410002702000180006804000250008610000450011124501250015626000630028130000210034449000070036550000890037270000400046183000660050104900090056795201050057699900170068100003384620200930070551.0110913s2009 es 000 0 spa d a9788498442021 aDO-SdBNPbspacBNPHU1 aPortillo Valdés, José María95926213aLa vida atlántica de Victorián de Villava /cIntroducción y selección documental de José M. Portillo Valdés. aMadrid :bEdiciones Doce CallebFundación Mapfre,c2009. a169 p. ;c22 cm.1 v24 aPublicaciones del programa Iberoamérica : 200 años de convivencias independiente1 aPortillo Valdéz, José M.959263 0aPrisma histórico, Viejos documentos, Nuevas lecturas959264 aBNPD 001050718MOaGRbGRcCTd2011-09-13iLF1l0o p33846-10r2020-06-25w2020-06-25y1ZNo se presta c33337d33337